000 00603nam a2200205Ia 4500
003 GCL
008 140319s9999 xx 000 0 ara d
040 _aGCL /
_cGCL
082 0 4 _a658
_bح ت
100 1 _aحمدى فؤاد على
245 1 0 _aالتنظيم والادارة الحديثة: الاصول العلمية والعملية /
_cحمدى فؤاد على
300 _a352 ص
490 _a
650 0 4 _aادارة الاعمال
650 0 4 _aالادارة
650 0 4 _aالتخطيط
650 0 4 _aالتنظيم
650 0 4 _aالادارة العلمية
942 _2ddc
_cBK
999 _c39029
_d39029